Divorce. (Record no. 88025)

MARC details
000 -LEADER
fixed length control field 00361nam a2200157Ia 4500
008 - FIXED-LENGTH DATA ELEMENTS--GENERAL INFORMATION
fixed length control field 210210b1986 xxu||||| |||| 00| 0 eng d
020 ## - INTERNATIONAL STANDARD BOOK NUMBER
International Standard Book Number 0 7069 2932 2
082 ## - DEWEY DECIMAL CLASSIFICATION NUMBER
Classification number 306.89 POTD
100 ## - MAIN ENTRY--PERSONAL NAME
Personal name POTHEN (S).
245 ## - TITLE STATEMENT
Title Divorce.
260 ## - PUBLICATION, DISTRIBUTION, ETC.
Place of publication, distribution, etc. ND
Name of publisher, distributor, etc. Shakti books
Date of publication, distribution, etc. 1986
300 ## - PHYSICAL DESCRIPTION
Extent ix,331
650 ## - SUBJECT ADDED ENTRY--TOPICAL TERM
Topical term or geographic name entry element Divorce
690 ## - LOCAL SUBJECT ADDED ENTRY--TOPICAL TERM (OCLC, RLIN)
Topical term or geographic name as entry element Marriage & Family
906 ## - LOCAL DATA ELEMENT F, LDF (RLIN)
a 037712
Holdings
Withdrawn status Lost status Damaged status Not for loan Collection code Home library Current library Shelving location Date acquired Cost, normal purchase price Total Checkouts Full call number Barcode Date last seen Price effective from Koha item type
          St Aloysius Library St Aloysius Library   02/17/2021 125.00   306.89 POTD 037712 02/17/2021 02/17/2021 Book